00310nam a2200121 a 4500008004100000050001500041100001700056245003400073250001200107260004500119300001500164350000900179120416s1968 ||||||||||||||||| || u aDT 356 Bov aBovill, E. W14aThe golden trade of the Moors a2nd ed. aLondonbCambridge University Pressc1968 axvi, 293p. a0.00